[Event "Wch Seniors 50 29th"]
[Site "Bucharest"]
[Date "2019.11.16"]
[Round "5"]
[White "Mihai, Catalin"]
[Black "Coman, Liviu"]
[Result "1/2-1/2"]
[WhiteElo "1920"]
[BlackElo "1726"]
[PlyCount "35"]
[EventDate "2019.11.12"]
[EventType "swiss"]
[EventRounds "11"]
[EventCountry "ROU"]
[SourceTitle "CBM 193 Extra"]
[Source "ChessBase"]
[SourceDate "2020.01.31"]
[SourceVersion "1"]
[SourceVersionDate "2020.01.31"]
[SourceQuality "1"]

1. d4 Nf6 2. c4 g6 3. Nc3 Bg7 4. e4 d6 5. Nf3 0-0 6. Be2 Nbd7 7. 0-0 e5 8. h3 a6 9. Be3 Rb8 10. dxe5 Nxe5 11. Nxe5 dxe5 12. Qxd8 Rxd8 13. Rfd1 Be6 14. Rxd8+ Rxd8 15. f3 Kf8 16. b3 h5 17. Rd1 Rxd1+ 18. Bxd1 1/2-1/2

[Event "Wch Seniors 50 29th"]
[Site "Bucharest"]
[Date "2019.11.14"]
[Round "3"]
[White "Mihai, Catalin"]
[Black "Mirza, Gabriel"]
[Result "1-0"]
[WhiteElo "1920"]
[BlackElo "1616"]
[PlyCount "59"]
[EventDate "2019.11.12"]
[EventType "swiss"]
[EventRounds "11"]
[EventCountry "ROU"]
[SourceTitle "CBM 193 Extra"]
[Source "ChessBase"]
[SourceDate "2020.01.31"]
[SourceVersion "1"]
[SourceVersionDate "2020.01.31"]
[SourceQuality "1"]

1. e4 Nc6 2. d4 e5 3. d5 Nce7 4. Nc3 Ng6 5. g3 Bc5 6. Na4 Be7 7. h4 h5 8. Nh3 Nf6 9. Ng5 d6 10. c4 c6 11. dxc6 bxc6 12. Nc3 Qa5 13. Bd2 Qc7 14. Rc1 Rb8 15. b4 Bg4 16. Be2 Qd7 17. f3 Be6 18. Qa4 0-0 19. 0-0 Qb7 20. a3 Bd7 21. Qc2 Qb6+ 22. Kg2 Qb7 23. Be3 Bd8 24. Rfd1 Bc7 25. c5 d5 26. exd5 cxd5 27. b5 d4 28. Bc4 Nxh4+ 29. gxh4 Ng4 30. Qh7# 1-0

[Event "ROM-chT"]
[Site "Sovata"]
[Date "2018.11.26"]
[Round "3.2"]
[White "Mihai, Catalin"]
[Black "Costachi, Mihnea"]
[Result "0-1"]
[WhiteElo "2055"]
[BlackElo "2484"]
[PlyCount "78"]
[EventDate "2018.11.24"]
[EventType "team-tourn"]
[EventRounds "9"]
[EventCountry "ROU"]
[SourceTitle "CBM 187 Extra"]
[Source "ChessBase"]
[SourceDate "2018.11.04"]
[SourceVersion "1"]
[SourceVersionDate "2018.11.04"]
[SourceQuality "1"]
[WhiteTeam "Ploiesti Universitar"]
[BlackTeam "Iasi Politehnica"]
[WhiteTeamCountry "ROU"]
[BlackTeamCountry "ROU"]

1. Nf3 Nf6 2. g3 g6 3. Bg2 Bg7 4. 0-0 0-0 5. d3 d6 6. e4 e5 7. c4 h6 8. Nc3 c6 9. d4 exd4 10. Nxd4 Nbd7 11. Be3 Re8 12. Qd2 Ne5 13. b3 Neg4 14. Rad1 Nxe3 15. fxe3 Qa5 16. Nd5 Qxd2 17. Nxf6+ Bxf6 18. Rxd2 Bg7 19. Nc2 Be5 20. Nd4 a5 21. Nf3 a4 22. Nxe5 dxe5 23. Bf3 axb3 24. axb3 Be6 25. Rff2 Ra3 26. Bd1 Ra1 27. Kg2 Rea8 28. h3 h5 29. Bf3 Rb1 30. Rb2 Raa1 31. Rfd2 Rh1 32. g4 Rhg1+ 33. Kh2 hxg4 34. Bxg4 Bxg4 35. hxg4 Rxg4 36. Rd8+ Kg7 37. Rd7 Ra8 38. Kh3 Rg5 39. Kh4 Rg1 0-1

[Event "ROM-chT"]
[Site "Sovata"]
[Date "2018.11.25"]
[Round "2.5"]
[White "Gavrilescu, David"]
[Black "Mihai, Catalin"]
[Result "1-0"]
[WhiteElo "2481"]
[BlackElo "2055"]
[PlyCount "43"]
[EventDate "2018.11.24"]
[EventType "team-tourn"]
[EventRounds "9"]
[EventCountry "ROU"]
[SourceTitle "CBM 187 Extra"]
[Source "ChessBase"]
[SourceDate "2018.11.04"]
[SourceVersion "1"]
[SourceVersionDate "2018.11.04"]
[SourceQuality "1"]
[WhiteTeam "Timisoara Vest Univ"]
[BlackTeam "Ploiesti Universitar"]
[WhiteTeamCountry "ROU"]
[BlackTeamCountry "ROU"]

1. e4 g6 2. d4 d6 3. Nc3 Bg7 4. f4 Nd7 5. Nf3 c6 6. Bd3 e5 7. dxe5 dxe5 8. f5 Nc5 9. 0-0 Nxd3 10. cxd3 Nh6 11. Kh1 Qd6 12. d4 Ng4 13. h3 h5 14. Qe1 Bf6 15. Qg3 gxf5 16. exf5 Bxf5 17. dxe5 Nxe5 18. Bf4 h4 19. Bxe5 hxg3 20. Bxd6 Bxh3 21. gxh3 Rxh3+ 22. Kg2 1-0